000 00581nam a2200181Ia 4500
008 100921s9999 xx 000 0 und d
082 _b14989
_a891.461 ढ 94
100 _aवामनपंडित.
245 _aकवितासंग्रह.
260 _bजावजी तुकाराम,मुंबई.
_c1894
300 _a586
_b---
365 _b3.5
520 _aललित-काव्य.
630 _aकवितासंग्रह.
650 _aललित-काव्य.
730 _aकवितासंग्रह.
942 _cBOOK
999 _c764102
_d764099